First Time Cookbook : (Record no. 602856)

MARC details
000 -LEADER
fixed length control field 00432nam a2200181 a 4500
008 - FIXED-LENGTH DATA ELEMENTS--GENERAL INFORMATION
fixed length control field 251217s2003##################000#0#eng##
020 ## - INTERNATIONAL STANDARD BOOK NUMBER
ISBN 9788172234911
082 04 - DEWEY DECIMAL CLASSIFICATION NUMBER
Classification number 641.5
Item number JAN
100 1# - MAIN ENTRY--AUTHOR NAME
Personal name Janet, Rizvi,
245 10 - TITLE STATEMENT
Title First Time Cookbook :
260 ## - PUBLICATION, DISTRIBUTION, ETC. (IMPRINT)
Name of publisher HarperCollins,
Year of publication 2003.
650 #0 - SUBJECT ADDED ENTRY--TOPICAL TERM
Topical Term Cooking.
942 ## - ADDED ENTRY ELEMENTS (KOHA)
Koha item type English Books
Holdings
Withdrawn status Lost status Damaged status Not for loan Home library Current library Shelving location Date acquired Full call number Accession Number Price effective from Koha item type
        Anna Centenary Library Anna Centenary Library 6TH FLOOR, A WING 17.12.2025 641.5 JAN 483957 17.12.2025 English Books

Find us on the map